000 00930nam a2200277 i 4500
001 bg
100 1 _aBAUGIER, Jean-Marc
245 1 0 _aStrategie zmian w przedsiębiorstwie :
_bnowoczesna metoda /
_cJean-Marc Baugier, Serge Vuillod ; przekł. z fr. Marian Egeman.
246 _iTyt. oryg.:
_aStratégies du changement dans L'entreprise
260 _aWarszawa :
_bPOLTEXT,
_c1993.
300 _a189, [1] s. :
_bwykr. ;
_c24 cm.
490 1 _aFinanse, Zarządzanie, Rozwój
500 _aOryg.: Stratégies du changement dans L'entreprise" 1990.
630 0 9 _aFILIERE 4
650 9 _aPrzedsiębiorstwo
_xorganizacja
_xmetody
700 1 _aVUILLOD, Serge
700 1 _aEGEMAN, Marian.
_eTł.
830 _aFinanse, Zarządzanie, Rozwój
020 _a8385366563
040 _cBPK
041 1 _apl
_hfr
080 _a658.1/.5.011
920 _a83-85366-56-3
942 _cKS
008 s pl f |000 0 pol
999 _c25290
_d25290